000 00984cam a2200253 4500
001 agr67000065
003 DLC
005 20260227111026.0
008 700127s1966 dcua b 000 0 eng c
010 _aagr67000065
040 _aU.S. Nat'l Agr. Libr.
_cDLC
_dDLC
050 1 0 _aS21.Z2332 no. 95
070 0 _aA281.9 Ag8 no. 95
100 1 _aWhite, George A.
_q(George Albert),
_d1930-
245 1 0 _aCulture of crambe;
_ba new industrial oilseed crop
_c[by George A. White and J. J. Higgins.
260 _aWashington]
_bAgricultural Research Service, U.S. Dept. of Agriculture
_c[1966]
300 _aiv, 20 p.
_billus.
_c26 cm.
490 1 _a[United States. Dept. of Agriculture] Production research report
_vno. 95
504 _a"Literature cited": p. 19-20.
650 0 _aCrambe abyssinica.
650 3 _aCrambe abyssinica.
700 1 _aHiggins, Joseph John,
_d1924-
_ejoint author.
810 1 0 _a[United States.
_bDepartment of Agriculture]
_tProduction research report
_vno. 95.
999 _c12162
_d12162